00382nam a2200133 a 450000100100000000500170001000800410002704000250006808200150009310000170010824500610012526000300018630000320021600003152220200930063005.0110627s195u dr c 000 0 spa d aDO-SdBNPbspacBNPHU axxxbV623e1 aViau, Alfred13aLa era de Trujillo, económia y finanza /cAlfred Viau. a[Cuba] :b[s.n],c[195u]? a125 p. : ;cretr. ;c23 cm.